Normal view
MARC view
Entry Personal Name
001 - CONTROL NUMBER
- control field: 28265
003 - CONTROL NUMBER IDENTIFIER
- control field: OSt
005 - DATE AND TIME OF LATEST TRANSACTION
- control field: 20260610125517.0
008 - FIXED-LENGTH DATA ELEMENTS
- fixed length control field: 260610|| aca||aabn | a|a d
040 ## - CATALOGING SOURCE
- Original cataloging agency: OSt
- Transcribing agency: OSt
100 ## - HEADING--PERSONAL NAME
- Personal name: Mumper Jean
670 ## - SOURCE DATA FOUND
- Source citation: Work cat.: (OSt)23816: Pike Kathy 28264, Making Nonfiction and other Informational Texts come Alive, 2004
